| 000 | 00608nam a22002057a 4500 | ||
|---|---|---|---|
| 003 | 0 | ||
| 005 | 20251015151827.0 | ||
| 008 | 251015b xxu||||| |||| 00| 0 eng d | ||
| 020 | _a979-8-89366-093-7 | ||
| 050 |
_aQA 9 _b.P37 2025 |
||
| 100 |
_aParkers, Samuel, _eauthor. |
||
| 245 |
_aMathematical logic / _cSamuel Parkers. |
||
| 260 |
_aBrooklyn, NY : _bStates Academic Press, _c2025. |
||
| 300 |
_aviii, 236 pages ; _c26 cm. |
||
| 504 | _aIncludes bibliographical references and index. | ||
| 650 | _aLogic, Symbolic and mathematical. | ||
| 650 | _aMathematics. | ||
| 650 | _aLogic. | ||
| 942 |
_2lcc _cBK |
||
| 999 |
_c368251 _d368251 |
||